00866 2200301 4500001002100000005001700021008004100038035002400079082001100103090001800114100006500132245012500197250001100322260003300333300002500366440001700391500002200408650000900430700001900439700001300458700001200471700001900483700001100502850001500513980001500528985000600543999001500549YOGYA-0209000002351820090227023759.0 ind  0010-020900000023518 a634.98 a634.98bLem K aLEMBAGA ILMU PENGETAHUAN INDONESIA. Lembaga Biologi nasional aKayu IndonesiacLembaga Biologi Nasional-LIPI ; editor, K. kartawinata, S. sastrapraja ; gambar M. Anwar, Damhuri Ischak aCet. 1 aJakartabBalai Pustakac1980 a116 hlmbilusc23 cm aSeri Biologi aBibliografi : hlm aKayu aKartawinata, K aAnwar, M aDamhuri asastrapraja, S aIschak aYOPDYOG(B) a02-19-2007 a1 a06A0019799